Statistics for Countries Jesus Visited

Click here to take the quiz!

General Stats

  • This quiz has been taken 325 times
  • The average score is 4 of 5

Answer Stats

Ancient CityBible VerseActivityModern Day Country% Correct
BethlehemLuke 2:1Jesus is bornIsrael/Palestine
99%
QussqamMatthew 2:13–23Fleeing Herod, Holy Family escapes to this countryEgypt
92%
BethabaraMatthew 3:13-17Jesus is baptized by John the BaptistJordan
86%
DamascusActs 9:1-9Paul "encounters" the risen Christ on the roadSyria
80%
PhoeniciaMark 7:24-30Jesus casts out evil spirits from a woman's daughterLebanon
77%

Score Distribution

Percentile by Number Answered

Percent of People with Each Score

Your Score History

You have not taken this quiz